{"text_format":"1","workbook":"xlsx","n_sheets":1,"sheets":["inv_fab_cig_enero_2022"],"not_rendered":{"charts":0,"images":2,"macros":0,"external_links":0,"defined_names":0,"comments":0,"pivot_tables":0},"unopened":[],"bounds":{"document_bytes":16777216,"sheet_cells":100000,"rows_first":2000,"rows_last":500,"rows_between":2000,"halvings":0,"cell_chars":16384,"cell_head_chars":4096},"cells_cut":0,"cells_raw":0,"read":"whole","date_system":"1900"}

{"sheet":"inv_fab_cig_enero_2022","index":0,"n_rows":181,"n_cols":8,"rows_kept":181,"cut":false,"hidden":false,"merged":[[180,0,180,6],[132,0,132,7],[134,0,136,0],[134,1,136,1],[134,2,136,2],[134,3,136,3],[134,4,136,4],[134,5,136,5],[134,6,136,6],[134,7,136,7],[68,5,70,5],[68,6,70,6],[68,7,70,7],[113,0,113,6],[130,0,130,7],[131,0,131,7],[6,7,8,7],[51,0,51,6],[64,0,64,7],[65,0,65,7],[66,0,66,7],[68,0,70,0],[68,1,70,1],[68,2,70,2],[68,3,70,3],[68,4,70,4],[0,0,0,7],[1,0,1,7],[2,0,2,7],[6,0,8,0],[6,1,8,1],[6,2,8,2],[6,3,8,3],[6,4,8,4],[6,5,8,5],[6,6,8,6]]}
["INSTITUTO DEL TABACO DE LA REPÚBLICA DOMINICANA"]
["INVENTARIO FABRICA DE CIGARROS"]
["MES DE ENERO 2022"]
[]
["Fecha de"]
[]
["Fecha de adquisión y/o registro","Artículo","Código Institucional","Descripción artículo","Existencia","Unidad","Costo","Valor"]
[]
[]
["2016-02-01","GENERAL ( 10 )","VINOTINTO","VINO TINTO LA FUERZA",208,"UNIDAD",147.13901999999999,{"$f":"+G10*E10","v":30604.916159999997}]
["2017-05-30","MADERA ( 3 )","CAJ OKUME","CAJ OKUME 50X5 DE 10",60,"UND",165,9900]
["2016-11-07","MADERA ( 3 )","CAJ.OKUME","CAJA OKUME 54X5 DE 10",200,"UND",167,33400]
["2018-03-12","MADERA ( 3 )","CAJA  AGR","CAJA  AGR 54X6 DE 10",133,"UND",328.28321999999997,43661.668259999999]
["2018-03-12","MADERA ( 3 )","CAJA OKUME","CAJ OKUME 54X6 DE10",95,"UND",172,16340]
["2018-03-12","MADERA ( 3 )","CAJA.OKUME","CAJ OKUME 60X5 DE 10",94,"UND",172,16168]
["2017-03-14","MADERA ( 3 )","CAJA-OKUME","CAJ OKUME 52X6 DE 10",180,"UND",171,30780]
["2017-03-14","MADERA ( 3 )","CIG. C10 OKUME","CIG. ROBUSTO C10 54X6 OKUME",5,"CAJA",172,860]
["2017-03-14","MADERA ( 3 )","CIG. C10-OKUME","CIG. ROBUSTO C10 60X5 OKUME",2,"CAJA",172,344]
["2017-03-14","MATERIALES ( 9 )","CAJ10 50X6","CAJA 50X6 DE 10 UNIDADES",73,"UND",207.88,15175.24]
["2017-03-14","MATERIALES ( 9 )","CAJ10 54X6","CAJA 54X6 DE 10 UNIDADES",6,"UND",216.27119999999999,1297.6271999999999]
["2017-03-14","MATERIALES ( 9 )","CAJ20","CAJA 44X6 DE 20 UNIDADES",15,"CAJ 20",130.30779999999999,1954.6169999999997]
["2017-03-14","MATERIALES ( 9 )","CAJ5 50X5","CAJA 50X5 DE 5 UNIDADES",185,"UND",173.38,32075.3]
["2017-03-14","MATERIALES ( 9 )","CAJ5 54X5","CAJA 54X5 DE 5 UNIDADES",77,"UND",178.98330000000001,13781.714100000001]
["2017-03-14","MATERIALES ( 9 )","CAJA 50X5-10","CAJA 50X5 DE 10 UNIDADES",40,"UND",197.62710000000001,7905.0840000000007]
["2017-03-14","MATERIALES ( 9 )","CAJA 54X5","CAJA 54X5 DE 10 UNIDADES",80,"UND",205.0847,16406.775999999998]
["2017-03-14","MATERIALES ( 9 )","CAJUELA DE CEDRO","CAJUELA DE CEDRO",26,"UND",665,17290]
["2017-03-14","OTROS ( 5 )","CAJ","CAJA DE 3 UND 50X5",183,"CAJA",132.19999999999999,24192.6]
["2017-03-14","OTROS ( 5 )","CAJA 3","CIG.ROBUSTO C3 50X5",53,"CAJA",132.19999999999999,7006.5999999999995]
["2017-03-10","OTROS ( 5 )","CIG. 54X6","CIGARROS ROBUSTO C3 54X6",2,"CAJA",132.0719,264.1438]
["2017-03-10","OTROS ( 5 )","CIG.ROBUSTO C10-54X5","CIG.ROBUSTO C10-54X5",20,"UND",205.0847,4101.6939999999995]
["2016-11-07","OTROS ( 5 )","EC62X8","ESTUCHE CELOFAN 62X8 1/2",4,"MILLAR",780.00360000000001,3120.0144]
["2016-11-07","OTROS ( 5 )","RPC195","ROLLO PAPEL CELOFAN 195",1,"ROLLO",7250.0025999999998,7250.0025999999998]
["2016-11-07","OTROS ( 5 )","CIG.60X5","CIGARRO ROBUSTO 60X5",2252,"UND",70.289559999999994,158292.08911999999]
["2016-11-07","SUMINISTROS ( 6 )","EC54X8.","ESTUCHE CELOFAN 54X8",1,"MILLAR",702.1,702.1]
["2017-06-06","TABACO OTROS ( 8 )","CIG. OKUME","CIG. ROBUSTO C10 52X6 OKUME",8,"CAJA",171,1368]
["2017-04-10","TABACO OTROS ( 8 )","CAJA- OKUME","CIG.ROBUSTO C10 50X5 OKUME",3,"CAJA",165,495]
["2017-04-03","TABACO OTROS ( 8 )","CIAGARRO 54X4½","CIGARROS ROBUSTO 54X4½",239,"UND",66.881500000000003,15984.6785]
["2017-04-03","TABACO OTROS ( 8 )","CIGARRO CORONA-50X5","CIGARRO ROBUSTO-50X5",8953,"UND",70.512389999999996,631297.42767]
["2017-04-03","TABACO OTROS ( 8 )","CIGARROS 44X5","CIGARROS CORONA 44X5",665,"UND",54.691789999999997,36370.040349999996]
["2017-04-03","TABACO OTROS ( 8 )","CIGARROS 50X6","CIGARRO ROBUSTO 50X6",3321,"UND",70.289479999999998,233431.36307999998]
["2021-03-31","TABACO OTROS ( 8 )","CIGARROS 52X6","CIGARROS ROBUSTO 52X6",2687,"UND",70.286529999999999,188859.90611000001]
["2021-03-31","TABACO OTROS ( 8 )","CIGARROS 54X5","CIGARROS ROBUSTO 54X5",8154,"UND",70.241650000000007,572750.41410000005]
["2021-03-31","TABACO OTROS ( 8 )","CIGARROS 54X5½","CIGARROS ROBUSTO 54X5½",1213,"UND",70.281059999999997,85250.92577999999]
["2021-03-31","TABACO OTROS ( 8 )","CIGARROS 54X6","CIGARROS ROBUSTO 54X6",3318,"UND",70.290019999999998,233222.28636]
["2021-03-31","TABACO OTROS ( 8 )","CIGARROS 60X6","CIGARROS ROBUSTO 60X6",1158,"UND",70.290000000000006,81395.820000000007]
["2021-07-31","TABACO OTROS ( 8 )","CIGC10(50X6)","CIGARRO ROBUSTO C10 50X6",7,"CAJA",207.88,1455.1599999999999]
["2021-07-31","TABACO OTROS ( 8 )","CIGC10(54X6)","CIGARRO ROBUSTO C10 54X6",6,"CAJA",216.27119999999999,1297.6271999999999]
["2021-07-31","TABACO OTROS ( 8 )","CIGC5(50X5)","CIGARRO ROBUSTO C5 50X5",18,"CAJA",173.38,3120.84]
["2021-07-31","TABACO OTROS ( 8 )","CIGC5(54X5)","CIGARRO ROBUSTO C5 54X5",1,"CAJA",177.80476999999999,177.80476999999999]
["2021-07-31","TABACO OTROS ( 8 )","CIGCORC20-50X63/8","CIGARRO CHURCHILL 50X63/8              ",87,"UND",70.290000000000006,6115.2300000000005]
["2021-07-31","TABACO OTROS ( 8 )","CIGCORUND","CIGARRO CORONA 44X6",130,"UND",62.48,8122.4]
["TOTAL",null,null,null,null,null,null,{"$f":"SUM(H9:H51)","v":2593589.1105599995}]
[]
[]
[]
[]
[]
[]
[]
[]
[]
[]
[]
[]
["INSTITUTO DEL TABACO DE LA REPÚBLICA DOMINICANA"]
["INVENTARIO FABRICA DE CIGARROS"]
["MES DE FEBRERO 2022"]
[]
["Fecha de adquisión y/o registro","Artículo","Código Institucional","Descripción artículo","Existencia","Unidad","Costo","Valor"]
[]
[]
["2018-03-05","ANILLO ( 542 )","ANILLO.B.D","ANILLO BANDERA DOM",3500,"UND",2.7730000000000001,{"$f":"+G72*E72","v":9705.5}]
["2016-02-01","GENERAL ( 10 )","VINOTINTO","VINO TINTO LA FUERZA",207,"UNIDAD",147.13901999999999,30457.777139999998]
["2017-05-30","MADERA ( 3 )","AGR","CIG.ROBUSTO AGR C10-54X6",2,"CAJA",328.28321999999997,656.56643999999994]
["2016-11-07","MADERA ( 3 )","CAJ OKUME","CAJ OKUME 50X5 DE 10",52,"UND",165,8580]
["2018-03-12","MADERA ( 3 )","CAJ.OKUME","CAJA OKUME 54X5 DE 10",180,"UND",167,30060]
["2018-03-12","MADERA ( 3 )","CAJA  AGR","CAJA  AGR 54X6 DE 10",130,"UND",328.28321999999997,42676.818599999999]
["2018-03-12","MADERA ( 3 )","CAJA OKUME","CAJ OKUME 54X6 DE10",83,"UND",172,14276]
["2017-03-14","MADERA ( 3 )","CAJA.OKUME","CAJ OKUME 60X5 DE 10",79,"UND",172,13588]
["2017-03-14","MADERA ( 3 )","CAJA-OKUME","CAJ OKUME 52X6 DE 10",180,"UND",171,30780]
["2017-03-14","MADERA ( 3 )","CIG. C10 OKUME","CIG. ROBUSTO C10 54X6 OKUME",13,"CAJA",172,2236]
["2017-03-14","MADERA ( 3 )","CIG. C10-OKUM","CIG. ROBUSTO C10 54X5 OKUME",12,"CAJA",167,2004]
["2017-03-14","MADERA ( 3 )","CIG. C10-OKUME","CIG. ROBUSTO C10 60X5 OKUME",10,"CAJA",172,1720]
["2017-03-14","MATERIALES ( 9 )","CAJ10 50X6","CAJA 50X6 DE 10 UNIDADES",73,"UND",207.88,15175.24]
["2017-03-14","MATERIALES ( 9 )","CAJ10 54X6","CAJA 54X6 DE 10 UNIDADES",6,"UND",216.27119999999999,1297.6271999999999]
["2017-03-14","MATERIALES ( 9 )","CAJ20","CAJA 44X6 DE 20 UNIDADES",15,"CAJ 20",130.30779999999999,1954.6169999999997]
["2017-03-14","MATERIALES ( 9 )","CAJ5 50X5","CAJA 50X5 DE 5 UNIDADES",175,"UND",173.38,30341.5]
["2017-03-14","MATERIALES ( 9 )","CAJ5 54X5","CAJA 54X5 DE 5 UNIDADES",54,"UND",178.98330000000001,9665.0982000000004]
["2017-03-14","MATERIALES ( 9 )","CAJA 50X5-10","CAJA 50X5 DE 10 UNIDADES ",40,"UND",197.62710000000001,7905.0840000000007]
["2017-03-14","MATERIALES ( 9 )","CAJA 54X5","CAJA 54X5 DE 10 UNIDADES",80,"UND",205.0847,16406.775999999998]
["2017-03-14","MATERIALES ( 9 )","CAJUELA DE CEDRO","CAJUELA DE CEDRO",26,"UND",665,17290]
["2017-03-10","OTROS ( 5 )","CAJ","CAJA DE 3 UND 50X5",183,"CAJA",132.19999999999999,24192.6]
["2017-03-10","OTROS ( 5 )","CAJA 3","CIG.ROBUSTO C3 50X5",49,"CAJA",132.19999999999999,6477.7999999999993]
["2016-11-07","OTROS ( 5 )","CIG. 54X6","CIGARROS ROBUSTO C3 54X6",2,"CAJA",132.0719,264.1438]
["2016-11-07","OTROS ( 5 )","EC62X8","ESTUCHE CELOFAN 62X8 1/2",4,"MILLAR",780.00360000000001,3120.0144]
["2016-11-07","OTROS ( 5 )","RPC195","ROLLO PAPEL CELOFAN 195",1,"ROLLO",7250.0025999999998,7250.0025999999998]
["2016-11-07","OTROS ( 5 )","CIG.60X5","CIGARRO ROBUSTO 60X5",2079,"UND",70.289559999999994,146131.99523999999]
["2017-06-06","SUMINISTROS ( 6 )","EC54X8.","ESTUCHE CELOFAN 54X8",1,"MILLAR",702.1,702.1]
["2017-04-10","TABACO OTROS ( 8 )","CIG. OKUME","CIG. ROBUSTO C10 52X6 OKUME",3,"CAJA",171,513]
["2017-04-03","TABACO OTROS ( 8 )","CAJA- OKUME","CIG.ROBUSTO C10 50X5 OKUME",1,"CAJA",165,165]
["2017-04-03","TABACO OTROS ( 8 )","CIAGARRO 54X4½","CIGARROS ROBUSTO 54X4½",163,"UND",66.881500000000003,10901.684500000001]
["2017-04-03","TABACO OTROS ( 8 )","CIGARRO CORONA-50X5","CIGARRO ROBUSTO-50X5",8485,"UND",70.512389999999996,598297.62914999994]
["2017-04-03","TABACO OTROS ( 8 )","CIGARROS 44X5","CIGARROS CORONA 44X5",1190,"UND",54.691789999999997,65083.230099999993]
["2021-03-31","TABACO OTROS ( 8 )","CIGARROS 50X6","CIGARRO ROBUSTO 50X6",3201,"UND",70.289479999999998,224996.62547999999]
["2021-03-31","TABACO OTROS ( 8 )","CIGARROS 52X6","CIGARROS ROBUSTO 52X6",2687,"UND",70.286529999999999,188859.90611000001]
["2021-03-31","TABACO OTROS ( 8 )","CIGARROS 54X5","CIGARROS ROBUSTO 54X5",10149,"UND",70.252769999999998,712995.36272999994]
["2021-03-31","TABACO OTROS ( 8 )","CIGARROS 54X5½","CIGARROS ROBUSTO 54X5½",754,"UND",70.281059999999997,52991.919239999996]
["2021-03-31","TABACO OTROS ( 8 )","CIGARROS 54X6","CIGARROS ROBUSTO 54X6",3087,"UND",70.290019999999998,216985.29173999999]
["2021-07-31","TABACO OTROS ( 8 )","CIGARROS 60X6","CIGARROS ROBUSTO 60X6",1024,"UND",70.290000000000006,71976.960000000006]
["2021-07-31","TABACO OTROS ( 8 )","CIGC5(50X5)","CIGARRO ROBUSTO C5 50X5",17,"CAJA",173.38,2947.46]
["2021-07-31","TABACO OTROS ( 8 )","CIGC5(54X5)","CIGARRO ROBUSTO C5 54X5",2,"CAJA",177.80476999999999,355.60953999999998]
["2021-07-31","TABACO OTROS ( 8 )","CIGCORC20-50X63/8","CIGARRO CHURCHILL 50X63/8              ",59,"UND",70.290000000000006,4147.1100000000006]
["2021-07-31","TABACO OTROS ( 8 )","CIGCORUND","CIGARRO CORONA 44X6",130,"UND",62.48,8122.4]
["TOTAL",null,null,null,null,null,null,{"$f":"SUM(H72:H113)","v":2634254.4492099998}]
[]
[]
[]
[]
[]
[]
[]
[]
[]
[]
[]
[]
[]
[]
[]
[]
["INSTITUTO DEL TABACO DE LA REPÚBLICA DOMINICANA"]
["INVENTARIO FABRICA DE CIGARROS"]
["MES DE MARZO 2022"]
[]
["Fecha de adquisión y/o registro","Artículo","Código Institucional","Descripción artículo","Existencia","Unidad","Costo","Valor"]
[]
[]
["2018-03-05","ESCUELA DE CIGARROS","ANILLO ( 542 )","ANILLO.B.D",3500,"UND",2.7730000000000001,{"$f":"+G138*E138","v":9705.5}]
["2016-02-01","ESCUELA DE CIGARROS","GENERAL ( 10 )","VINOTINTO",206,"UNIDAD",147.13901999999999,30310.638119999996]
["2017-05-30","ESCUELA DE CIGARROS","MADERA ( 3 )","AGR",6,"CAJA",328.28321999999997,1969.6993199999997]
["2016-11-07","ESCUELA DE CIGARROS","MADERA ( 3 )","CAJ OKUME",42,"UND",165,6930]
["2018-03-12","ESCUELA DE CIGARROS","MADERA ( 3 )","CAJ.OKUME",175,"UND",167,29225]
["2018-03-12","ESCUELA DE CIGARROS","MADERA ( 3 )","CAJA  AGR",124,"UND",328.28321999999997,40707.119279999999]
["2018-03-12","ESCUELA DE CIGARROS","MADERA ( 3 )","CAJA OKUME",83,"UND",172,14276]
["2017-03-14","ESCUELA DE CIGARROS","MADERA ( 3 )","CAJA.OKUME",79,"UND",172,13588]
["2017-03-14","ESCUELA DE CIGARROS","MADERA ( 3 )","CAJA-OKUME",180,"UND",171,30780]
["2017-03-14","ESCUELA DE CIGARROS","MADERA ( 3 )","CIG. C10 OKUME",4,"CAJA",172,688]
["2017-03-14","ESCUELA DE CIGARROS","MADERA ( 3 )","CIG. C10-OKUM",5,"CAJA",167,835]
["2017-03-14","ESCUELA DE CIGARROS","MADERA ( 3 )","CIG. C10-OKUME",2,"CAJA",172,344]
["2017-03-14","ESCUELA DE CIGARROS","MATERIALES ( 9 )","SHOPPING 1",1000,"UND",35.4,35400]
["2017-03-14","ESCUELA DE CIGARROS","MATERIALES ( 9 )","SHOPPING 2",1000,"UND",53.1,53100]
["2017-03-14","ESCUELA DE CIGARROS","MATERIALES ( 9 )","CAJ10 50X6",67,"UND",207.88,13927.96]
["2017-03-14","ESCUELA DE CIGARROS","MATERIALES ( 9 )","CAJ10 54X6",6,"UND",216.27119999999999,1297.6271999999999]
["2017-03-14","ESCUELA DE CIGARROS","MATERIALES ( 9 )","CAJ20",15,"CAJ 20",130.30779999999999,1954.6169999999997]
["2017-03-14","ESCUELA DE CIGARROS","MATERIALES ( 9 )","CAJ5 50X5",175,"UND",173.38,30341.5]
["2017-03-14","ESCUELA DE CIGARROS","MATERIALES ( 9 )","CAJ5 54X5",44,"UND",178.98330000000001,7875.2652000000007]
["2017-03-14","ESCUELA DE CIGARROS","MATERIALES ( 9 )","CAJA 50X5-10",40,"UND",197.62710000000001,7905.0840000000007]
["2017-03-10","ESCUELA DE CIGARROS","MATERIALES ( 9 )","CAJA 54X5",75,"UND",205.0847,15381.352499999999]
["2017-03-10","ESCUELA DE CIGARROS","MATERIALES ( 9 )","CAJUELA DE CEDRO",26,"UND",665,17290]
["2016-11-07","ESCUELA DE CIGARROS","OTROS ( 5 )","CAJ",183,"CAJA",132.19999999999999,24192.6]
["2016-11-07","ESCUELA DE CIGARROS","OTROS ( 5 )","CAJA 3",42,"CAJA",132.19999999999999,5552.4]
["2016-11-07","ESCUELA DE CIGARROS","OTROS ( 5 )","CIG.ROBUSTO C10-54X5",8,"UND",185.04235,1480.3388]
["2016-11-07","ESCUELA DE CIGARROS","OTROS ( 5 )","EC62X8",4,"MILLAR",780.00360000000001,3120.0144]
["2017-06-06","ESCUELA DE CIGARROS","OTROS ( 5 )","RPC195",1,"ROLLO",7250.0025999999998,7250.0025999999998]
["2017-04-10","ESCUELA DE CIGARROS","OTROS ( 5 )","CIG.60X5",2058,"UND",70.289559999999994,144655.91447999998]
["2017-04-03","ESCUELA DE CIGARROS","SUMINISTROS ( 6 )","EC54X8.",1,"MILLAR",702.1,702.1]
["2017-04-03","ESCUELA DE CIGARROS","TABACO OTROS ( 8 )","CAJA- OKUME",1,"CAJA",165,165]
["2017-04-03","ESCUELA DE CIGARROS","TABACO OTROS ( 8 )","CIAGARRO 54X4½",133,"UND",66.881500000000003,8895.2394999999997]
["2017-04-03","ESCUELA DE CIGARROS","TABACO OTROS ( 8 )","CIGARRO CORONA-50X5",7935,"UND",70.512389999999996,559515.81464999996]
["2021-03-31","ESCUELA DE CIGARROS","TABACO OTROS ( 8 )","CIGARROS 44X5",2465,"UND",54.691789999999997,134815.26235]
["2021-03-31","ESCUELA DE CIGARROS","TABACO OTROS ( 8 )","CIGARROS 50X6",3091,"UND",70.289479999999998,217264.78268]
["2021-03-31","ESCUELA DE CIGARROS","TABACO OTROS ( 8 )","CIGARROS 52X6",2687,"UND",70.286529999999999,188859.90611000001]
["2021-03-31","ESCUELA DE CIGARROS","TABACO OTROS ( 8 )","CIGARROS 54X5",9512,"UND",70.252769999999998,668244.34823999996]
["2021-03-31","ESCUELA DE CIGARROS","TABACO OTROS ( 8 )","CIGARROS 54X5½",662,"UND",70.281059999999997,46526.061719999998]
["2021-07-31","ESCUELA DE CIGARROS","TABACO OTROS ( 8 )","CIGARROS 54X6",2873,"UND",70.290019999999998,201943.22745999999]
["2021-07-31","ESCUELA DE CIGARROS","TABACO OTROS ( 8 )","CIGARROS 60X6",879,"UND",70.290000000000006,61784.91]
["2021-07-31","ESCUELA DE CIGARROS","TABACO OTROS ( 8 )","CIGC10(50X6)",6,"CAJA",207.88,1247.28]
["2021-07-31","ESCUELA DE CIGARROS","TABACO OTROS ( 8 )","CIGC5(54X5)",6,"CAJA",177.80476999999999,1066.82862]
["2021-07-31","ESCUELA DE CIGARROS","TABACO OTROS ( 8 )","CIGCORC20-50X63/8",59,"UND",70.290000000000006,4147.1100000000006]
["2021-07-31","ESCUELA DE CIGARROS","TABACO OTROS ( 8 )","CIGCORUND",130,"UND",62.48,8122.4]
["TOTAL",null,null,null,null,null,null,{"$f":"SUM(H138:H180)","v":2653383.90423}]